The wireless application protocol (WAP) : a Wiley tech brief /

Shranjeno v:
Bibliografske podrobnosti
Glavni avtor: Mann, Steve, 1950-
Drugi avtorji: Sbihli, Scott.
Format: Sách giấy
Izdano: New York : John Wiley, c2000.
Serija:Wiley tech brief series
Teme:
Online dostop:Table of Contents
Oznake: Označite
Brez oznak, prvi označite!
Thư viện lưu trữ: Thư viện Trường Đại học Đà Lạt
LEADER 01187nam a2200373 4500
001 DLU030022865
005 ##20011029075422.0
008 ##000621s2000 nyua b 001 0 eng
010 # # |a  00043465  
020 # # |a 0471399922 (pbk. : alk. paper) 
040 # # |a DLC  |c DLC  |d DLC 
042 # # |a pcc 
050 # # |a TK5105.55  |b .M363 2000 
082 # # |a 004.62  |b MA-S 
100 # # |a Mann, Steve,  |d 1950- 
245 # # |a The wireless application protocol (WAP) :  |b a Wiley tech brief /  |c Steve Mann, Scott Sbihli. 
260 # # |a New York :  |b John Wiley,  |c c2000. 
300 # # |a xiv, 210 p. :  |b ill. ;  |c 24 cm. 
440 # # |a Wiley tech brief series 
504 # # |a Includes bibliographical references and index. 
650 # # |a Computer network protocols. 
650 # # |a Wireless Application Protocol (Computer network protocol) 
650 # # |a Wireless communication systems. 
700 # # |a Sbihli, Scott. 
856 # # |3 Table of Contents  |u http://www.loc.gov/catdir/toc/onix06/00043465.html 
992 # # |a 27.99 
994 # # |a DLU 
900 # # |a True 
911 # # |a Lê Thị Mạnh Xuân 
925 # # |a G 
926 # # |a A 
927 # # |a SH 
980 # # |a Thư viện Trường Đại học Đà Lạt